000 00877nam a22002057a 4500
999 _c14291
_d14291
003 AR-CdUCM
008 190422b ||||| |||| 00| 0 spa d
040 _aMUNICIPALIDAD PROVINCIAL DEL CUSCO
_cBIBLIOTECA MUNICIPAL DEL CUSCO
082 _a 301.1 /
_bC81 / 1979
110 _aDepartamentos de publicaciones CIPCA - CECAPE -- LOYOLA
_933019
245 _aConozcamos nuestra comunidad San Juan de Catacaos :
_bResultado de empadronamiento hecha por la comunidad de "San Juan de Catacaos" y el centro de investigación y promoción del campesino - CIPCA /
260 _aPiura :
_bCIPCA,
_c1979.
300 _a44 páginas ;
_c22 cm.
505 _aContenido : Conozcamos nuestra comunidad -- Conozcamos nuestro anexo ...
650 _aComunidad
_940
650 _aEmpadronamiento
_933020
650 _aInvestigación
_91940
942 _2ddc
_cFOLLETOS
945 _arah
_d22/04/2019